000 00296 a2200121 4500
001 147500
040 _cEscola São Tomás de Aquino
240 1 0 _aJoão e o pé de feijão
_lpor
245 1 0 _aJoão e o pé de feijão
440 1 _aCiranda Cultural
697 _a*LITERATURA INFANTO
942 _cBK
999 _c147500
_d147500